Linear differential equations with periodic coefficients /

Guardado en:
Autor Principal: IAkubovich, V. A.
Otros Autores: Starzhinskii, V. M.
Formato: Libro
Idioma:English
Russian
Publicado: New York : Wiley, c1975.
Materias:
Etiquetas: Agregar Etiqueta
Sin Etiquetas, Sea el primero en etiquetar este registro!
LEADER 01211cam a2200289 a 4500
001 MAT.inmabb006920
008 750408s1975####nyua#####b####001#0#eng##
005 20180611164330.0
245 1 0 |a Linear differential equations with periodic coefficients /  |c V. A. Yakubovich and V. M. Starzhinskii ; translated from Russian by D. Louvish. 
260 |a New York :  |b Wiley,  |c c1975. 
300 |a 2 v. (xii, 839 p.) :  |b il. ;  |c 25 cm. 
500 |a Traducción de: Lineinye differentsialnye uravneniia s periodicheskimi koeffitsientami i ikh prilozheniia. 
500 |a "A Halsted Press book." 
504 |a Bibliografía: v. 2, p. 814-836. 
500 |a Incluye índice. 
510 4 |a MR,  |c 51 #994 
020 |a 0470969539 
100 1 |a IAkubovich, V. A.  |q (Vladimir Andreevich) 
240 1 0 |a Lineinye differentìsialnye uravneniia s periodicheskimi koeffitsientami i ikh prilozheniia 
700 1 |a Starzhinskii, V. M.  |q (Viacheslav Mikhailovich) 
650 0 |a Differential equations, Linear. 
084 |a 34Cxx (34A30)  |2 msc2000 
010 |a  75004982  
040 |a DLC  |c DLC  |d DLC 
041 1 |a eng  |h rus 
859 |h 34  |i Ia11  |p A-4639  |v 1  |3 Vol. 1  |b BIB. MATEMATICA 
859 |h 34  |i Ia11  |p A-4640  |v 2  |3 Vol. 2  |b BIB. MATEMATICA